000 00409nam a2200157Ia 4500
008 190717s9999 xx 000 0 und d
100 _aGonzales, Catherine Mae V.
245 _aWHO pushes use of generics/
245 _cCatherine Mae V. Gonzales
260 _bManila Standard
260 _c2016
300 _aSeptember 14
440 _aManila Standard
650 _ageneric drugs
650 _aMedicine
999 _c361986
_d361986